000 00695nam a2200205Ia 4500
005 20260121110308.0
008 008 260114s9999 xx 000 0 hin d
020 _a9788132365037
037 _aEBOOK
040 _aCRL
_bhin
_cCRL
041 _ahin
_2hin
084 _qCRL
100 _aगौतम श्रीवास्तव / Gautam Srivastav
_9944426
245 0 _aचित्रकला का सम्‍पूर्ण ज्ञान / Chitrakala ka Sampurn Gyaan
260 _bभाषा प्रकाशन / Bhasha Prakashan
_c2021
856 _uhttps://bhashaprakashan.com/product-details/379154
942 _cEBOOK
999 _c1536090
_d1536090